Statistics for Top 20 Kobe Bryant Teammates Ever

Click here to take the quiz!

General Stats

  • This quiz has been taken 24 times
  • The average score is 6 of 20

Answer Stats

Player% Correct
Shaquille O'Neal
100%
Pau Gasol
91%
Ron Artest
59%
Steve Nash
59%
Dwight Howard
55%
Gary Payton
55%
Karl Malone
55%
Lamar Odom
45%
Eddie Jones
14%
Horace Grant
14%
Julius Randle
14%
Ron Harper
14%
Dennis Rodman
9%
Glen Rice
9%
Caron Butler
5%
Antawn Jamison
0%
Carlos Boozer
0%
Mitch Richmond
0%
Roy Hibbert
0%
Theo Ratliff
0%

Score Distribution

Percentile by Number Answered

Percent of People with Each Score

Your Score History

You have not taken this quiz